[Event "British Chess Championships 2023: Weekend Tournament Penrose"]
[Site "De Montfort University, 20 Western Boulevard, Leicester, LE2 7BU"]
[Date "2023.07.21"]
[Round "1"]
[Board "1"]
[White "Siu, Kam Wa"]
[Black "Smith, Ryan M"]
[Result "1/2-1/2"]
[WhiteElo "1782"]
[BlackElo "1962"]
[PlyCount "0"]
[EventDate "2023.07.21"]
[EventRounds "5"]
[EventCountry "ENG"]

1. e4 c5 2. c3 d5 3. exd5 Qxd5 4. d4 g6 5. Nf3 Bg7 6. Bb5+ Bd7 7. Bxd7+ Nxd7 8. O-O
Ngf6 9. Na3 O-O 10. Re1 e6 11. c4 Qc6 12. dxc5 Nxc5 13. Ne5 Qc7 14. Nb5 Qe7 15. b4
Rfd8 16. Qc2 Ncd7 17. Rb1 Nxe5 18. Rxe5 Nd5 19. Bg5 Nxb4 20. Qe2 Bf6 21. Bxf6 Qxf6
22. Re3 Nc6 23. g3 a6 24. Nc3 Nd4 25. Qg4 Nf5 26. Ne4 Qe7 27. Reb3 Rab8 28. Qg5 Qc7
29. c5 h6 30. Qf6 Rd4 31. Nd6 Rxd6 32. cxd6 Qxd6 33. Rb6 Qd5 34. Qb2 Nd4 35. Rxb7
Nf3+ 36. Kf1 Nd2+ 37. Kg1 Rxb7 38. Qxb7 Nxb1 39. Qb8+ Kg7 40. Qxb1 a5 41. Qb2+ e5
42. a3 a4 43. f4 Qd4+ 44. Qxd4 exd4 45. Kf2 Kf6 46. Kf3 Kf5 47. g4+ Ke6 48. Ke4 d3
49. Kxd3 Kd5 50. h3 f5 51. g5 hxg5 52. fxg5 f4 53. h4 Ke5 54. Ke2 Ke6 55. Kf2 Kf5
56. Kf3 Ke5 57. Ke2 Ke6 58. Kf2 Ke5 59. Ke2  1/2-1/2

[Event "British Chess Championships 2023: Weekend Tournament Penrose"]
[Site "De Montfort University, 20 Western Boulevard, Leicester, LE2 7BU"]
[Date "2023.07.21"]
[Round "1"]
[Board "2"]
[White "Mohan, Shaan"]
[Black "O'gorman, Brendan"]
[Result "1/2-1/2"]
[WhiteElo "1953"]
[BlackElo "1779"]
[PlyCount "0"]
[EventDate "2023.07.21"]
[EventRounds "5"]
[EventCountry "ENG"]

1. d4 d5 2. Nc3 e6 3. Bf4 Nf6 4. Nb5 Bb4+ 5. c3 Ba5 6. a4 a6 7. Na3 O-O 8. e3 Nbd7
9. b4 Bb6 10. Bd3 Re8 11. Nf3 Nf8 12. Qc2 Nh5 13. Bg5 f6 14. g4 fxg5 15. gxh5 a5
16. b5 c5 17. bxc6 bxc6 18. Ne5 Ba6 19. Bxa6 Rxa6 20. Nxc6 Qf6 21. Ne5 Bc7 22. Ng4
Qf5 23. Qe2 Rc6 24. Nb5 Nd7 25. f3 e5 26. e4 Qf7 27. O-O exd4 28. cxd4 Nf6 29. e5
Nxh5 30. f4 Nxf4 31. Qf3 Bb8 32. Ne3 Qe6 33. Rae1 Rf8 34. Qg4 Qxg4+ 35. Nxg4 Rc2
36. Nf2 Rxf2 37. Kxf2 Nd3+ 38. Ke2 Nxe1 39. Kxe1 Rxf1+ 40. Kxf1 Kf7 41. Ke2 g4 42.
Ke3 g5 43. Kf2 Ke6 44. Ke3 h5 45. Nc3 h4 46. Nd1 Kf5 47. Nc3 Ke6 48. Nd1 Bc7 49.
Nc3 Bb8  1/2-1/2

[Event "British Chess Championships 2023: Weekend Tournament Penrose"]
[Site "De Montfort University, 20 Western Boulevard, Leicester, LE2 7BU"]
[Date "2023.07.21"]
[Round "1"]
[Board "3"]
[White "Trimble, Thomas"]
[Black "Llewellyn, Julian D"]
[Result "0-1"]
[WhiteElo "1779"]
[BlackElo "1950"]
[PlyCount "0"]
[EventDate "2023.07.21"]
[EventRounds "5"]
[EventCountry "ENG"]

1. e4 c6 2. d4 d5 3. f3 e6 4. Nc3 Qb6 5. Nge2 Nd7 6. Be3 Ngf6 7. Qd3 dxe4 8. fxe4
Qxb2 9. Rb1 Qa3 10. Rb3 Qa5 11. g3 Be7 12. Bg2 O-O 13. O-O e5 14. Kh1 Rd8 15. d5
Nc5 16. Bxc5 Qxc5 17. h4 a5 18. Na4 Qd6 19. c4 cxd5 20. cxd5 b5 21. Nac3 b4 22. Nb5
Qd7 23. a4 Ba6 24. Ng1 Bxb5 25. axb5 Rdc8 26. Nf3 Bd6 27. Rbb1 a4 28. Rbc1 h6 29.
Rc6 Ne8 30. Rfc1 b3 31. Qc3 Rcb8 32. Bf1 f6 33. Nd2 Qa7 34. Nc4 Bc5 35. Nxe5 Bd4
36. b6 Bxb6 37. Nc4 Bd4 38. Qf3 b2 39. Rb1 a3 40. Nxa3 Qxa3 41. Qf5 Qxg3  0-1

[Event "British Chess Championships 2023: Weekend Tournament Penrose"]
[Site "De Montfort University, 20 Western Boulevard, Leicester, LE2 7BU"]
[Date "2023.07.21"]
[Round "1"]
[Board "4"]
[White "Bartram, Philip J"]
[Black "Ball, Matthew P"]
[Result "1-0"]
[WhiteElo "1942"]
[BlackElo "1778"]
[PlyCount "0"]
[EventDate "2023.07.21"]
[EventRounds "5"]
[EventCountry "ENG"]

1. c4 c5 2. Nc3 Nc6 3. g3 g6 4. Bg2 Bg7 5. e3 d6 6. Nge2 Nf6 7. O-O O-O 8. a3 h5
9. d4 cxd4 10. exd4 h4 11. gxh4 a5 12. Bg5 Bg4 13. h3 Bxe2 14. Nxe2 Qb6 15. Qd2 e5
16. d5 Ne7 17. Ng3 Rae8 18. Rac1 Nd7 19. b4 f6 20. Be3 Qa6 21. b5 Qa8 22. c5 dxc5
23. Bxc5 f5 24. d6 Nc8 25. Rfd1 e4 26. Qd5+ Kh7 27. Bd4 Bxd4 28. Qxd4 Ncb6 29. Rc7
 1-0

[Event "British Chess Championships 2023: Weekend Tournament Penrose"]
[Site "De Montfort University, 20 Western Boulevard, Leicester, LE2 7BU"]
[Date "2023.07.21"]
[Round "1"]
[Board "5"]
[White "Di-Vetta, Andrew"]
[Black "Taylor, Robert K"]
[Result "0-1"]
[WhiteElo "1776"]
[BlackElo "1935"]
[PlyCount "0"]
[EventDate "2023.07.21"]
[EventRounds "5"]
[EventCountry "ENG"]

1. Nf3 d5 2. g3 Nc6 3. d3 e5 4. Bg2 Be7 5. O-O Be6 6. Nbd2 Qd7 7. Re1 g5 8. Nf1 h6
9. a3 Bf6 10. N3d2 h5 11. c4 g4 12. cxd5 Bxd5 13. Ne4 Be7 14. Ne3 Be6 15. Nc3 Rb8
16. Ned5 Nd4 17. e3 Nf5 18. Nxe7 Ngxe7 19. Ne4 Kf8 20. Nc5 Qd6 21. Nxe6+ Qxe6 22.
Qa4 Kg7 23. Qxa7 Qb3 24. Qc5 Ng6 25. Be4 Nd6 26. Bxg6 Kxg6 27. d4 Ne4 28. Qxe5 Ng5
29. Qa5 Nf3+ 30. Kg2 b6 31. Qa7 Nxe1+ 32. Kf1 Nc2 33. Qxc7 Qd3+ 34. Kg2 Nxa1 35.
Qd6+ f6  0-1

[Event "British Chess Championships 2023: Weekend Tournament Penrose"]
[Site "De Montfort University, 20 Western Boulevard, Leicester, LE2 7BU"]
[Date "2023.07.21"]
[Round "1"]
[Board "6"]
[White "Bartram, William"]
[Black "Thornley, Oliver"]
[Result "1-0"]
[WhiteElo "1932"]
[BlackElo "1759"]
[PlyCount "0"]
[EventDate "2023.07.21"]
[EventRounds "5"]
[EventCountry "ENG"]

1. e4 c5 2. Nf3 e6 3. d4 cxd4 4. Nxd4 a6 5. Nc3 b5 6. Be2 Bb7 7. Bf3 Qc7 8. O-O Nc6
9. g3 Nf6 10. Re1 Nxd4 11. Qxd4 Bc5 12. Qd3 h5 13. Be3 Ng4 14. Bxc5 Ne5 15. Bd6 Nxf3+
16. Qxf3 Qxd6 17. Rad1 Qc6 18. Qf4 f6 19. Rd6 Qc5 20. Qd2 O-O-O 21. Re3 Bc6 22. a3
h4 23. b4 Qh5 24. Re2 f5 25. Qe3 hxg3 26. fxg3 Kc7 27. Red2 Kb7 28. a4 Ra8 29. a5
Qf7 30. Qb6+ Kc8 31. Rxc6+ dxc6 32. Qxc6+  1-0

[Event "British Chess Championships 2023: Weekend Tournament Penrose"]
[Site "De Montfort University, 20 Western Boulevard, Leicester, LE2 7BU"]
[Date "2023.07.21"]
[Round "1"]
[Board "7"]
[White "Cole, Graham L"]
[Black "George, Richard M"]
[Result "1/2-1/2"]
[WhiteElo "1756"]
[BlackElo "1927"]
[PlyCount "0"]
[EventDate "2023.07.21"]
[EventRounds "5"]
[EventCountry "ENG"]

1. e4 c6 2. d4 d5 3. exd5 cxd5 4. Bd3 Nc6 5. c3 Nf6 6. Bf4 Bg4 7. Qb3 e5 8. dxe5
Nh5 9. Be3 Nxe5 10. Bb5+ Nc6 11. h3 Be6 12. Qd1 Nf6 13. Nf3 Bd6 14. Nbd2 O-O 15.
Bd3 Qc7 16. O-O Rfe8 17. Nd4 a6 18. N2f3 Ne5 19. Nxe5 Bxe5 20. Bg5 Ne4 21. Be3 Rad8
22. f4 Bf6 23. Nxe6 Rxe6 24. Qf3 Rde8 25. Bxe4 dxe4 26. Qe2 Rd8 27. f5 Ree8 28. Rad1
h6 29. Qg4 Kh7 30. Rfe1 Rd3 31. Rd2 Red8 32. Rxd3 exd3 33. Rd1 Qd7 34. Qe4 Qd5 35.
Qxd5 Rxd5 36. g4 Bh4 37. Ra1  1/2-1/2

[Event "British Chess Championships 2023: Weekend Tournament Penrose"]
[Site "De Montfort University, 20 Western Boulevard, Leicester, LE2 7BU"]
[Date "2023.07.21"]
[Round "1"]
[Board "8"]
[White "Kapoor, Gurveen"]
[Black "Thomas, Gary"]
[Result "1-0"]
[WhiteElo "1918"]
[BlackElo "1751"]
[PlyCount "0"]
[EventDate "2023.07.21"]
[EventRounds "5"]
[EventCountry "ENG"]

1. Nf3 Nf6 2. g3 g6 3. b4 Bg7 4. Bb2 O-O 5. Bg2 d5 6. d3 a5 7. b5 a4 8. a3 c5 9.
Nbd2 Qa5 10. Rb1 Rd8 11. O-O Be6 12. Ng5 Nbd7 13. Qe1 Nf8 14. c4 Bh6 15. Ndf3 Qxe1
16. Rfxe1 dxc4 17. Nxe6 Nxe6 18. dxc4 Ne4 19. e3 f5 20. Rbd1 b6 21. Ba1 Bg7 22. Bxg7
Kxg7 23. Ne5 Ra7 24. Nc6 Rxd1 25. Rxd1 Rc7 26. f3 Nd6 27. Ne5 Ng5 28. Rc1 Kf6 29.
Nd3 e5 30. Kf2 Ngf7 31. h4 Rd7 32. Nb2 h6 33. Nxa4 Ra7 34. Nxb6 Rxa3 35. Nd7+ Ke7
36. Nxc5 Ra2+ 37. Kg1 Rb2 38. Bf1 e4 39. fxe4 fxe4 40. Rc3 Ne5 41. Bg2 Nexc4 42.
Nxe4 Rxb5 43. Nxd6 Nxd6 44. Rc7+ Kf6 45. Kf2 Rb2+ 46. Kf3 Ne4 47. Kxe4 Rxg2 48. Rc6+
Kf7 49. Kf3 Rg1 50. h5 gxh5 51. Rxh6 Rh1 52. Kg2 Re1 53. Kf2 Rh1 54. e4 Rh2+ 55.
Kf3 Rh1 56. Kf4 Rf1+ 57. Ke5 Rg1 58. Rxh5 Rxg3 59. Rh7+ Ke8 60. Kf6 Rf3+ 61. Ke6
Kd8 62. e5 Rf1 63. Rh8+ Kc7 64. Ke7 Re1 65. e6 Rf1 66. Rh6 Rf2 67. Rf6 Re2 68. Rf3
Rc2 69. Rf1 Rc3 70. Rf2 Rc1 71. Kf7 Re1 72. e7  1-0

[Event "British Chess Championships 2023: Weekend Tournament Penrose"]
[Site "De Montfort University, 20 Western Boulevard, Leicester, LE2 7BU"]
[Date "2023.07.21"]
[Round "1"]
[Board "9"]
[White "Matthew, Ian G"]
[Black "Staniland, Philip"]
[Result "1-0"]
[WhiteElo "1745"]
[BlackElo "1908"]
[PlyCount "0"]
[EventDate "2023.07.21"]
[EventRounds "5"]
[EventCountry "ENG"]

1. e4 c6 2. Nc3 d5 3. Qf3 dxe4 4. Nxe4 Nf6 5. Bc4 e6 6. d3 Nxe4 7. dxe4 Nd7 8. Qg3
Qa5+ 9. Bd2 Qe5 10. Ne2 Qxg3 11. hxg3 Ne5 12. Bb3 Bc5 13. Rh5 f6 14. f4 g6 15. fxe5
gxh5 16. exf6 Bd7 17. Nf4 Kf7 18. Nd3 Bd4 19. e5 Rag8 20. Bf4 h4 21. c3 Bb6 22. g4
Rxg4 23. Bd1 h5 24. Bxg4 hxg4 25. Ke2 h3 26. Nf2 Rg8 27. gxh3 g3 28. Ng4 Rh8 29.
Bxg3 Rxh3 30. Bf2 Bc7 31. Rd1 Bc8 32. Rd3 Rh5 33. Be3 Kg6 34. Bd4 b6 35. Rg3 Rg5
36. Rg1 Ba6+ 37. Kf2 Kh5 38. Ne3 Rxg1 39. Kxg1 c5 40. f7 cxd4 41. cxd4  1-0

[Event "British Chess Championships 2023: Weekend Tournament Penrose"]
[Site "De Montfort University, 20 Western Boulevard, Leicester, LE2 7BU"]
[Date "2023.07.21"]
[Round "1"]
[Board "10"]
[White "Hirst, Joe Aj"]
[Black "Subin, Samvrit"]
[Result "0-1"]
[WhiteElo "1902"]
[BlackElo "1742"]
[PlyCount "0"]
[EventDate "2023.07.21"]
[EventRounds "5"]
[EventCountry "ENG"]

1. b3 e5 2. Bb2 Nc6 3. e3 Nf6 4. c4 d5 5. cxd5 Nxd5 6. Bb5 Bd6 7. Bxc6+ bxc6 8. Nf3
Qe7 9. Qc2 Nb4 10. Qc3 Ba6 11. Rg1 O-O 12. a3 Nd3+ 13. Kd1 Nxf2+ 14. Ke1 Nd3+ 15.
Kd1 f5 16. Qxc6 Nxb2+ 17. Kc2 Rab8 18. Qd5+ Kh8 19. Kxb2 e4 20. Nd4 c5 21. Ne6 Rfe8
22. Nf4 Be5+ 23. Nc3 Red8 24. Qe6 Qxe6 25. Nxe6 Rxd2+ 26. Kc1 Bxc3 27. Nxc5 Bd3 28.
Nxd3 exd3 29. Rb1 Rc8  0-1

[Event "British Chess Championships 2023: Weekend Tournament Penrose"]
[Site "De Montfort University, 20 Western Boulevard, Leicester, LE2 7BU"]
[Date "2023.07.21"]
[Round "1"]
[Board "11"]
[White "Knight, Christopher J"]
[Black "Gartside, Carl"]
[Result "1/2-1/2"]
[WhiteElo "1718"]
[BlackElo "1895"]
[PlyCount "0"]
[EventDate "2023.07.21"]
[EventRounds "5"]
[EventCountry "ENG"]

1. e4 e5 2. Nc3 Nf6 3. f4 d5 4. fxe5 Nxe4 5. Nf3 Bc5 6. d4 Bb4 7. Bd2 Nxd2 8. Qxd2
O-O 9. a3 Be7 10. Bd3 Be6 11. Ne2 Nd7 12. h4 c5 13. c3 h6 14. Nf4 Qc7 15. Ng5 hxg5
16. hxg5 Bxg5 17. Bh7+ Kh8 18. Bf5+ Kg8 19. Bh7+ Kh8 20. Bf5+  1/2-1/2

[Event "British Chess Championships 2023: Weekend Tournament Penrose"]
[Site "De Montfort University, 20 Western Boulevard, Leicester, LE2 7BU"]
[Date "2023.07.21"]
[Round "1"]
[Board "12"]
[White "Wastney, Dylan"]
[Black "Cave, Nathan"]
[Result "1-0"]
[WhiteElo "1893"]
[BlackElo "1717"]
[PlyCount "0"]
[EventDate "2023.07.21"]
[EventRounds "5"]
[EventCountry "ENG"]

1. e4 c6 2. Nf3 d5 3. Nc3 dxe4 4. Nxe4 Nf6 5. Qe2 Nxe4 6. Qxe4 Qa5 7. c3 Bf5 8. Qf4
Nd7 9. Bc4 Bg6 10. O-O b5 11. Be2 e6 12. d4 Be7 13. Nh4 Bc2 14. Qg3 O-O 15. Nf3 c5
16. dxc5 Nxc5 17. b4 Ne4 18. bxa5 Nxg3 19. hxg3 a6 20. Nd4 Bg6 21. Be3 Rac8 22. Bd2
Rfd8 23. Bf3 Bf6 24. Rac1 Rc7 25. Rfd1 h6 26. Nc6 Rdc8 27. c4 Bb2 28. cxb5 Bxc1 29.
Rxc1 axb5 30. Ne7+ Rxe7 31. Rxc8+ Kh7 32. a6 Rd7 33. Be3  1-0

[Event "British Chess Championships 2023: Weekend Tournament Penrose"]
[Site "De Montfort University, 20 Western Boulevard, Leicester, LE2 7BU"]
[Date "2023.07.21"]
[Round "1"]
[Board "13"]
[White "Chiang, Richard"]
[Black "Ashworth, Robert M"]
[Result "1/2-1/2"]
[WhiteElo "1715"]
[BlackElo "1880"]
[PlyCount "0"]
[EventDate "2023.07.21"]
[EventRounds "5"]
[EventCountry "ENG"]

1. d4 d5 2. c4 c6 3. Nf3 Nf6 4. g3 e6 5. Bg2 Be7 6. O-O O-O 7. Qc2 Nbd7 8. Nbd2 Re8
9. e4 dxe4 10. Nxe4 Nxe4 11. Qxe4 Nf6 12. Qe2 h6 13. Rd1 Bd6 14. Ne5 Qc7 15. b3 c5
16. Bb2 cxd4 17. Bxd4 Nd7 18. Nxd7 Bxd7 19. Rac1 e5 20. Bb2 Bc6 21. Bxc6 Qxc6 22.
c5 Bc7 23. b4 a6 24. Rd2 Rad8 25. Rcd1 Rxd2 26. Rxd2 e4 27. Bd4 Re6 28. Qc4 Kh7 29.
Be3 b5 30. Qd5 Qxd5 31. Rxd5 Kg6 32. Kf1 f6 33. Ke2 Be5 34. Bd4 Bxd4 35. Rxd4 f5
36. Ke3 Kf6 37. Rd5 g5 38. Rd2 Ke5 39. f4+ exf3 40. Kxf3 Kf6 41. Re2 Rc6 42. Re8
h5 43. Rb8 Ke5 44. Ke3 Kd5 45. Kd3 Re6 46. Rf8 Ke5 47. Rh8 h4 48. gxh4 gxh4 49. Rxh4
Rg6 50. Rh8 Rg2 51. Re8+ Kd5 52. Rf8 Rxh2 53. Rxf5+ Ke6 54. Rf8 Rxa2 55. Rd8 Ra1
56. Kc2 Ra4 57. Kb3 Ra1 58. Rd2 Ke5 59. Rc2 Rf1 60. Ra2 Rf3+ 61. Kc2 Rf2+ 62. Kb3
Rf3+ 63. Kb2 Rf2+  1/2-1/2

[Event "British Chess Championships 2023: Weekend Tournament Penrose"]
[Site "De Montfort University, 20 Western Boulevard, Leicester, LE2 7BU"]
[Date "2023.07.21"]
[Round "1"]
[Board "14"]
[White "Khan, Mohammed"]
[Black "Salazar Eyre, Emma"]
[Result "1/2-1/2"]
[WhiteElo "1873"]
[BlackElo "1711"]
[PlyCount "0"]
[EventDate "2023.07.21"]
[EventRounds "5"]
[EventCountry "ENG"]

1. e4 e5 2. Bc4 Nf6 3. d3 Nc6 4. Nc3 d6 5. f4 Be6 6. Bxe6 fxe6 7. Nf3 exf4 8. Bxf4
e5 9. Bg5 Be7 10. O-O Qd7 11. Bxf6 Bxf6 12. Nd5 O-O-O 13. Nxf6 gxf6 14. Nh4 Rdf8
15. Nf5 Ne7 16. Nxe7+ Qxe7 17. Rf5 Rhg8 18. Qf3 Rg6 19. g4 Rfg8 20. h3 Qf7 21. c4
h5 22. Rxh5 Rxg4+ 23. Qxg4+ Rxg4+ 24. hxg4 Qg6 25. Rf5 Qxg4+ 26. Kf2 Qh4+ 27. Ke2
Qg4+ 28. Kf2 Qh3 29. Ke2 Qg2+ 30. Rf2 Qg4+ 31. Kd2 Qg5+ 32. Kc2 Qe3 33. Raf1 b5 34.
cxb5 Qc5+ 35. Kb1 Qxb5 36. Kc2 Qa4+ 37. Kb1 Qd4 38. Kc2 Qa4+ 39. Kb1 Qd4  1/2-1/2

[Event "British Chess Championships 2023: Weekend Tournament Penrose"]
[Site "De Montfort University, 20 Western Boulevard, Leicester, LE2 7BU"]
[Date "2023.07.21"]
[Round "1"]
[Board "15"]
[White "Singha, Swati"]
[Black "Dooley, Max"]
[Result "0-1"]
[WhiteElo "1707"]
[BlackElo "1863"]
[PlyCount "0"]
[EventDate "2023.07.21"]
[EventRounds "5"]
[EventCountry "ENG"]

1. e4 e5 2. Nc3 Nc6 3. Nf3 Nf6 4. Bc4 Nxe4 5. Bxf7+ Kxf7 6. Nxe4 d5 7. Neg5+ Kg8
8. d4 e4 9. Ne5 Nxe5 10. dxe5 h6 11. Nxe4 Be6 12. Ng3 Bc5 13. f4 g6 14. Qf3 Qd7 15.
h3 Rf8 16. Rf1 Rh7 17. Bd2 Rg7 18. Qc3 b6 19. f5 Bxf5 20. Bxh6 d4 21. Qd2 Re7 22.
Bxf8 Rxe5+ 23. Kd1 Bxf8 24. Nxf5 Rxf5 25. Rxf5 Qxf5 26. Qd3 Qf6 27. a4 a5 28. c3
dxc3 29. bxc3 Bd6 30. Ra2 Kh7 31. Re2 Qf1+ 32. Kc2 Qf7 33. c4 Qf6 34. Qe4 Qa1 35.
Qc6 Qa2+ 36. Kd3 Qb3+ 37. Ke4 Qb1+ 38. Ke3 Qb3+ 39. Kf2 Bg3+ 40. Kf1  0-1

[Event "British Chess Championships 2023: Weekend Tournament Penrose"]
[Site "De Montfort University, 20 Western Boulevard, Leicester, LE2 7BU"]
[Date "2023.07.21"]
[Round "1"]
[Board "16"]
[White "Conroy, A Geoff"]
[Black "Goatcher, Matthew W"]
[Result "0-1"]
[WhiteElo "1862"]
[BlackElo "1699"]
[PlyCount "0"]
[EventDate "2023.07.21"]
[EventRounds "5"]
[EventCountry "ENG"]

1. g3 Nf6 2. Bg2 g6 3. d3 Bg7 4. e4 d6 5. Nf3 O-O 6. O-O c6 7. Re1 e5 8. d4 exd4
9. Nxd4 Nbd7 10. c4 Re8 11. Nc3 Qc7 12. Nb3 Ne5 13. c5 dxc5 14. Nxc5 b6 15. Nb3 Bg4
16. f3 Rad8 17. Qe2 Bc8 18. Be3 a6 19. Red1 c5 20. Bg5 h6 21. Bxf6 Rxd1+ 22. Rxd1
Bxf6 23. Nd5 Qc6 24. Qf2 Bg7 25. h3 Nc4 26. Nc3 Qf6 27. Na4 Nxb2 28. Nxb2 Qxb2 29.
Rd6 c4 30. Qxb2 Bxb2 31. Nd4 Ba3 32. Rd5 b5 33. Kf1 Be6 34. Nxe6 Rxe6 35. Rd8+ Kg7
36. Rc8 Re5 37. Ke2 Rc5 38. Rxc5 Bxc5 39. Kd2 Bd4 40. Kc2 Kf6 41. Bf1 Ke5 42. a4
Kd6 43. axb5 axb5 44. g4 g5 45. Be2 f6 46. Kd2 Kc5  0-1

[Event "British Chess Championships 2023: Weekend Tournament Penrose"]
[Site "De Montfort University, 20 Western Boulevard, Leicester, LE2 7BU"]
[Date "2023.07.21"]
[Round "1"]
[Board "17"]
[White "Pradhan, Ayan"]
[Black "Honarvarmahalati, Hooman"]
[Result "0-1"]
[WhiteElo "1692"]
[BlackElo "1862"]
[PlyCount "0"]
[EventDate "2023.07.21"]
[EventRounds "5"]
[EventCountry "ENG"]

1. e4 c6 2. d4 d5 3. e5 Bf5 4. h4 h5 5. Bd3 Bxd3 6. Qxd3 e6 7. Bg5 Qb6 8. Nc3 Ne7
9. Nf3 Nf5 10. Rb1 c5 11. Qb5+ Nc6 12. dxc5 Bxc5 13. Qxb6 Bxb6 14. O-O Bc7 15. Nb5
Bb8 16. Rfe1 a6 17. Na3 b5 18. c3 O-O 19. Nc2 Ba7 20. Rbd1 Rac8 21. Be3 Bxe3 22.
Nxe3 Nxe3 23. Rxe3 Na5 24. Nd2 Rc6 25. Nb3 Nc4 26. Re2 Rb8 27. Nd4 Rc7 28. a3 Nb6
29. Nb3 Na4 30. f4 g6 31. Kf2 Rc4 32. Rd4 Rc7 33. Kf3 Kg7 34. g4 hxg4+ 35. Kxg4 Rh8
36. Rdd2 Rcc8 37. Rh2 Rh5 38. Nd4 Nc5 39. Rdg2 Nd7 40. Kf3 Rch8 41. Rg4 Kf8 42. Kg3
Nb6 43. Nc2 Nc4 44. b3 Na5 45. Nd4 Ke7 46. Rg5 Rc8 47. Rc2 Rch8 48. Rh2 Rc8 49. Rc2
Rhh8 50. Rg4 Rc7 51. Kg2 Rhc8 52. Rg3 Rh8 53. Rg4 Rhc8 54. Rg3 Nc6 55. Nxc6+ Rxc6
56. Rd3 a5 57. b4 axb4 58. axb4 Rc4 59. Kf3 Rxb4 60. Ra2 Rb3 61. Rc2 b4 62. Ke3 Rbxc3
63. Rb2 R8c4 64. Rbd2 Rxd3+ 65. Rxd3 Rc3 66. Rxc3 bxc3 67. Kd3 Kf8 68. Kxc3 Kg7 69.
Kd4 Kh6 70. Ke3 Kh5 71. f5 gxf5 72. Kf4 Kxh4 73. Kf3 Kh3 74. Kf4 Kg2 75. Ke3 Kg3
76. Kd4 f4 77. Kc5 f3 78. Kd6 f2 79. Kc5 f1=Q 80. Kd4 Qc4+ 81. Ke3 Qe4+ 82. Kd2 d4
 0-1

[Event "British Chess Championships 2023: Weekend Tournament Penrose"]
[Site "De Montfort University, 20 Western Boulevard, Leicester, LE2 7BU"]
[Date "2023.07.21"]
[Round "1"]
[Board "18"]
[White "Masani, Matthew M"]
[Black "Thorburn, Richard"]
[Result "1/2-1/2"]
[WhiteElo "1862"]
[BlackElo "1684"]
[PlyCount "0"]
[EventDate "2023.07.21"]
[EventRounds "5"]
[EventCountry "ENG"]

1. d4 Nf6 2. Bf4 e6 3. e3 d5 4. Nd2 c5 5. c3 Nc6 6. Ngf3 Bd6 7. Bg3 O-O 8. Bd3 Re8
9. Ne5 Qc7 10. f4 Ne7 11. Bh4 Ng6 12. Bxf6 gxf6 13. Ng4 Kg7 14. O-O f5 15. Nf2 Rg8
16. Qh5 Qe7 17. Nf3 f6 18. Kh1 Kh8 19. g4 fxg4 20. Nxg4 Bd7 21. Rg1 Be8 22. Qh3 Rc8
23. Rg3 f5 24. Nh6 Rg7 25. Rag1 Qf6 26. Rg5 Rcc7 27. Ne5  1/2-1/2

[Event "British Chess Championships 2023: Weekend Tournament Penrose"]
[Site "De Montfort University, 20 Western Boulevard, Leicester, LE2 7BU"]
[Date "2023.07.21"]
[Round "1"]
[Board "19"]
[White "Rastogi, Nayan Keats"]
[Black "Clegg, Robert"]
[Result "1/2-1/2"]
[WhiteElo "1677"]
[BlackElo "1860"]
[PlyCount "0"]
[EventDate "2023.07.21"]
[EventRounds "5"]
[EventCountry "ENG"]

1. e4 e6 2. d4 d5 3. e5 c5 4. c3 Nc6 5. Nf3 Bd7 6. Be2 Qb6 7. O-O Rc8 8. dxc5 Bxc5
9. b4 Bf8 10. Be3 Qc7 11. Bd4 Nge7 12. a3 Ng6 13. Re1 Ngxe5 14. Nxe5 Nxe5 15. Bh5
Ng6 16. Qf3 Bc6 17. b5 Bxb5 18. Qxd5 Bc6 19. Qg5 Qd8  1/2-1/2

[Event "British Chess Championships 2023: Weekend Tournament Penrose"]
[Site "De Montfort University, 20 Western Boulevard, Leicester, LE2 7BU"]
[Date "2023.07.21"]
[Round "1"]
[Board "20"]
[White "Coleman, Frederick"]
[Black "Shivakumar, Akshath"]
[Result "1/2-1/2"]
[WhiteElo "1850"]
[BlackElo "1664"]
[PlyCount "0"]
[EventDate "2023.07.21"]
[EventRounds "5"]
[EventCountry "ENG"]

1. d4 f5 2. Nf3 Nf6 3. e3 d6 4. Be2 g6 5. c4 Bg7 6. O-O O-O 7. Nc3 e6 8. Qc2 c6 9.
b4 d5 10. Ba3 Nbd7 11. b5 Re8 12. Rab1 Ne4 13. bxc6 bxc6 14. cxd5 exd5 15. Rfc1 Nb6
16. Na4 Bb7 17. Nc5 Bc8 18. Na6 Bb7 19. Nc5 Bc8 20. Na6 Bb7 21. h3 Rc8 22. Bc5 Ra8
23. a4 Qc8 24. Nb4  1/2-1/2

[Event "British Chess Championships 2023: Weekend Tournament Penrose"]
[Site "De Montfort University, 20 Western Boulevard, Leicester, LE2 7BU"]
[Date "2023.07.21"]
[Round "1"]
[Board "21"]
[White "Norris, Zack"]
[Black "Lawrence, Spencer"]
[Result "1/2-1/2"]
[WhiteElo "1657"]
[BlackElo "1849"]
[PlyCount "51"]
[EventDate "2023.07.21"]
[EventRounds "5"]
[EventCountry "ENG"]

1. c4 Nf6 2. Nc3 g6 3. g3 Bg7 4. Bg2 O-O 5. e3 c5 6. Nge2 d6 7. O-O Nc6 8. d4 cxd4
9. exd4 Bg4 10. Be3 Qc8 11. Rc1 Bh3 12. Bf4 Bxg2 13. Kxg2 Ng4 14. h3 Ne3+ 15. fxe3
Qd8 16. Rc2 Rc8 17. b3 Qa5 18. Qd2 a6 19. Ne4 Qxd2 20. Nxd2 e6 21. Ne4 Rfd8 22. c5
d5 23. N4c3 Nb4 24. a3 Nc6 25. b4 h5 26. h4  1/2-1/2

[Event "British Chess Championships 2023: Weekend Tournament Penrose"]
[Site "De Montfort University, 20 Western Boulevard, Leicester, LE2 7BU"]
[Date "2023.07.21"]
[Round "1"]
[Board "22"]
[White "Wenninger, Maxim"]
[Black "Fernando, Manel"]
[Result "1-0"]
[WhiteElo "1844"]
[BlackElo "1627"]
[PlyCount "87"]
[EventDate "2023.07.21"]
[EventRounds "5"]
[EventCountry "ENG"]

1. e4 e5 2. Bc4 Nf6 3. Nc3 Be7 4. Nf3 d6 5. d3 Bg4 6. h3 Bh5 7. Qe2 Nc6 8. Be3 a6
9. a3 Nd4 10. Bxd4 exd4 11. Nd5 Nxd5 12. Bxd5 c6 13. Bb3 Qa5+ 14. Kf1 Qb6 15. g4
Bg6 16. h4 h6 17. Nd2 Qc7 18. Qf3 h5 19. Qg3 O-O-O 20. g5 Rhf8 21. f4 f5 22. Be6+
Kb8 23. exf5 Bxf5 24. Bxf5 Rxf5 25. Kg2 Rdf8 26. Raf1 d5 27. Nf3 Rxf4 28. Nh2 Bd6
29. Rxf4 Rxf4 30. Qe1 Ka7 31. Rf1 Qf7 32. Qd2 Qf5 33. Rxf4 Bxf4 34. Qf2 g6 35. Qxd4+
Ka8 36. Qf6 Qxf6 37. gxf6 Kb8 38. f7 Bh6 39. Nf3 Kc8 40. Ne5 Kd8 41. Nxg6 Bf8 42.
Nxf8 Ke7 43. Ne6 Kxf7 44. Nd8+  1-0